<?xml version="1.0" encoding="UTF-8"?>
<marc:record xmlns:marc="http://www.loc.gov/MARC21/slim" type="Bibliographic">
   <marc:leader>00000nam a2200000 c 4500</marc:leader>
   <marc:controlfield tag="001">953185389</marc:controlfield>
   <marc:controlfield tag="003">DE-101</marc:controlfield>
   <marc:controlfield tag="005">20171203042248.0</marc:controlfield>
   <marc:controlfield tag="007">tu</marc:controlfield>
   <marc:controlfield tag="008">980310s1998    gw ||||| |||| 00||||ger  </marc:controlfield>
   <marc:datafield ind1=" " ind2=" " tag="015">
      <marc:subfield code="a">98,A16,0318</marc:subfield>
      <marc:subfield code="2">dnb</marc:subfield>
   </marc:datafield>
   <marc:datafield ind1="7" ind2=" " tag="016">
      <marc:subfield code="2">DE-101</marc:subfield>
      <marc:subfield code="a">953185389</marc:subfield>
   </marc:datafield>
   <marc:datafield ind1=" " ind2=" " tag="020">
      <marc:subfield code="a">9783451265907</marc:subfield>
      <marc:subfield code="c">Pp. : DM 29.80</marc:subfield>
      <marc:subfield code="9">978-3-451-26590-7</marc:subfield>
   </marc:datafield>
   <marc:datafield ind1=" " ind2=" " tag="020">
      <marc:subfield code="a">3451265907</marc:subfield>
      <marc:subfield code="c">Pp. : DM 29.80</marc:subfield>
      <marc:subfield code="9">3-451-26590-7</marc:subfield>
   </marc:datafield>
   <marc:datafield ind1=" " ind2=" " tag="035">
      <marc:subfield code="a">(DE-599)DNB953185389</marc:subfield>
   </marc:datafield>
   <marc:datafield ind1=" " ind2=" " tag="035">
      <marc:subfield code="a">(OCoLC)75903428</marc:subfield>
   </marc:datafield>
   <marc:datafield ind1=" " ind2=" " tag="040">
      <marc:subfield code="a">1240</marc:subfield>
      <marc:subfield code="b">ger</marc:subfield>
      <marc:subfield code="c">DE-101</marc:subfield>
      <marc:subfield code="d">9999</marc:subfield>
   </marc:datafield>
   <marc:datafield ind1=" " ind2=" " tag="041">
      <marc:subfield code="a">ger</marc:subfield>
   </marc:datafield>
   <marc:datafield ind1=" " ind2=" " tag="044">
      <marc:subfield code="c">XA-DE</marc:subfield>
   </marc:datafield>
   <marc:datafield ind1=" " ind2=" " tag="084">
      <marc:subfield code="a">12</marc:subfield>
      <marc:subfield code="a">200</marc:subfield>
      <marc:subfield code="a">220</marc:subfield>
      <marc:subfield code="a">230</marc:subfield>
      <marc:subfield code="q">DE-101</marc:subfield>
      <marc:subfield code="2">sdnb</marc:subfield>
   </marc:datafield>
   <marc:datafield ind1=" " ind2=" " tag="084">
      <marc:subfield code="a">3.5a</marc:subfield>
      <marc:subfield code="a">3.5a</marc:subfield>
      <marc:subfield code="a">3.5a</marc:subfield>
      <marc:subfield code="a">3.5a</marc:subfield>
      <marc:subfield code="a">3.5a</marc:subfield>
      <marc:subfield code="q">DE-101</marc:subfield>
      <marc:subfield code="2">sswd</marc:subfield>
   </marc:datafield>
   <marc:datafield ind1="1" ind2=" " tag="100">
      <marc:subfield code="0">(DE-588)11585195X</marc:subfield>
      <marc:subfield code="0">http://d-nb.info/gnd/11585195X</marc:subfield>
      <marc:subfield code="0">(DE-101)11585195X</marc:subfield>
      <marc:subfield code="a">Kamphaus, Franz</marc:subfield>
      <marc:subfield code="d">1932-</marc:subfield>
      <marc:subfield code="e">Verfasser</marc:subfield>
      <marc:subfield code="4">aut</marc:subfield>
   </marc:datafield>
   <marc:datafield ind1="0" ind2="0" tag="245">
      <marc:subfield code="a">Zwischen Nacht und Tag</marc:subfield>
      <marc:subfield code="b">österliche Inspirationen</marc:subfield>
      <marc:subfield code="c">Franz Kamphaus</marc:subfield>
   </marc:datafield>
   <marc:datafield ind1=" " ind2="1" tag="264">
      <marc:subfield code="a">Freiburg im Breisgau</marc:subfield>
      <marc:subfield code="a">Basel</marc:subfield>
      <marc:subfield code="a">Wien</marc:subfield>
      <marc:subfield code="b">Herder</marc:subfield>
      <marc:subfield code="c">1998</marc:subfield>
   </marc:datafield>
   <marc:datafield ind1=" " ind2=" " tag="300">
      <marc:subfield code="a">188 S.</marc:subfield>
      <marc:subfield code="c">21 cm</marc:subfield>
   </marc:datafield>
   <marc:datafield ind1=" " ind2=" " tag="336">
      <marc:subfield code="a">Text</marc:subfield>
      <marc:subfield code="b">txt</marc:subfield>
      <marc:subfield code="2">rdacontent</marc:subfield>
   </marc:datafield>
   <marc:datafield ind1=" " ind2=" " tag="337">
      <marc:subfield code="a">ohne Hilfsmittel zu benutzen</marc:subfield>
      <marc:subfield code="b">n</marc:subfield>
      <marc:subfield code="2">rdamedia</marc:subfield>
   </marc:datafield>
   <marc:datafield ind1=" " ind2=" " tag="338">
      <marc:subfield code="a">Band</marc:subfield>
      <marc:subfield code="b">nc</marc:subfield>
      <marc:subfield code="2">rdacarrier</marc:subfield>
   </marc:datafield>
   <marc:datafield ind1=" " ind2="7" tag="650">
      <marc:subfield code="0">(DE-588)4029835-8</marc:subfield>
      <marc:subfield code="0">http://d-nb.info/gnd/4029835-8</marc:subfield>
      <marc:subfield code="0">(DE-101)040298353</marc:subfield>
      <marc:subfield code="a">Karwoche</marc:subfield>
      <marc:subfield code="2">gnd</marc:subfield>
   </marc:datafield>
   <marc:datafield ind1=" " ind2="7" tag="650">
      <marc:subfield code="0">(DE-588)4038241-2</marc:subfield>
      <marc:subfield code="0">http://d-nb.info/gnd/4038241-2</marc:subfield>
      <marc:subfield code="0">(DE-101)040382419</marc:subfield>
      <marc:subfield code="a">Meditation</marc:subfield>
      <marc:subfield code="2">gnd</marc:subfield>
   </marc:datafield>
   <marc:datafield ind1=" " ind2="7" tag="650">
      <marc:subfield code="0">(DE-588)4044040-0</marc:subfield>
      <marc:subfield code="0">http://d-nb.info/gnd/4044040-0</marc:subfield>
      <marc:subfield code="0">(DE-101)040440400</marc:subfield>
      <marc:subfield code="a">Ostern</marc:subfield>
      <marc:subfield code="2">gnd</marc:subfield>
   </marc:datafield>
   <marc:datafield ind1=" " ind2="7" tag="650">
      <marc:subfield code="0">(DE-588)4038241-2</marc:subfield>
      <marc:subfield code="0">http://d-nb.info/gnd/4038241-2</marc:subfield>
      <marc:subfield code="0">(DE-101)040382419</marc:subfield>
      <marc:subfield code="a">Meditation</marc:subfield>
      <marc:subfield code="2">gnd</marc:subfield>
   </marc:datafield>
   <marc:datafield ind1=" " ind2="7" tag="650">
      <marc:subfield code="0">(DE-588)4195678-3</marc:subfield>
      <marc:subfield code="0">http://d-nb.info/gnd/4195678-3</marc:subfield>
      <marc:subfield code="0">(DE-101)041956788</marc:subfield>
      <marc:subfield code="a">Christi Himmelfahrt</marc:subfield>
      <marc:subfield code="g">Fest</marc:subfield>
      <marc:subfield code="2">gnd</marc:subfield>
   </marc:datafield>
   <marc:datafield ind1=" " ind2="7" tag="650">
      <marc:subfield code="0">(DE-588)4038241-2</marc:subfield>
      <marc:subfield code="0">http://d-nb.info/gnd/4038241-2</marc:subfield>
      <marc:subfield code="0">(DE-101)040382419</marc:subfield>
      <marc:subfield code="a">Meditation</marc:subfield>
      <marc:subfield code="2">gnd</marc:subfield>
   </marc:datafield>
   <marc:datafield ind1=" " ind2="7" tag="650">
      <marc:subfield code="0">(DE-588)4174040-3</marc:subfield>
      <marc:subfield code="0">http://d-nb.info/gnd/4174040-3</marc:subfield>
      <marc:subfield code="0">(DE-101)041740408</marc:subfield>
      <marc:subfield code="a">Pfingsten</marc:subfield>
      <marc:subfield code="2">gnd</marc:subfield>
   </marc:datafield>
   <marc:datafield ind1=" " ind2="7" tag="650">
      <marc:subfield code="0">(DE-588)4038241-2</marc:subfield>
      <marc:subfield code="0">http://d-nb.info/gnd/4038241-2</marc:subfield>
      <marc:subfield code="0">(DE-101)040382419</marc:subfield>
      <marc:subfield code="a">Meditation</marc:subfield>
      <marc:subfield code="2">gnd</marc:subfield>
   </marc:datafield>
   <marc:datafield ind1=" " ind2="7" tag="650">
      <marc:subfield code="0">(DE-588)4300107-5</marc:subfield>
      <marc:subfield code="0">http://d-nb.info/gnd/4300107-5</marc:subfield>
      <marc:subfield code="0">(DE-101)043001076</marc:subfield>
      <marc:subfield code="a">Osterfestkreis</marc:subfield>
      <marc:subfield code="2">gnd</marc:subfield>
   </marc:datafield>
   <marc:datafield ind1=" " ind2="7" tag="650">
      <marc:subfield code="0">(DE-588)4038241-2</marc:subfield>
      <marc:subfield code="0">http://d-nb.info/gnd/4038241-2</marc:subfield>
      <marc:subfield code="0">(DE-101)040382419</marc:subfield>
      <marc:subfield code="a">Meditation</marc:subfield>
      <marc:subfield code="2">gnd</marc:subfield>
   </marc:datafield>
   <marc:datafield ind1="0" ind2="0" tag="689">
      <marc:subfield code="0">(DE-588)4029835-8</marc:subfield>
      <marc:subfield code="0">http://d-nb.info/gnd/4029835-8</marc:subfield>
      <marc:subfield code="0">(DE-101)040298353</marc:subfield>
      <marc:subfield code="D">s</marc:subfield>
      <marc:subfield code="a">Karwoche</marc:subfield>
   </marc:datafield>
   <marc:datafield ind1="0" ind2="1" tag="689">
      <marc:subfield code="0">(DE-588)4038241-2</marc:subfield>
      <marc:subfield code="0">http://d-nb.info/gnd/4038241-2</marc:subfield>
      <marc:subfield code="0">(DE-101)040382419</marc:subfield>
      <marc:subfield code="D">s</marc:subfield>
      <marc:subfield code="a">Meditation</marc:subfield>
   </marc:datafield>
   <marc:datafield ind1="0" ind2=" " tag="689">
      <marc:subfield code="5">DE-101</marc:subfield>
      <marc:subfield code="5">DE-101</marc:subfield>
   </marc:datafield>
   <marc:datafield ind1="1" ind2="0" tag="689">
      <marc:subfield code="0">(DE-588)4044040-0</marc:subfield>
      <marc:subfield code="0">http://d-nb.info/gnd/4044040-0</marc:subfield>
      <marc:subfield code="0">(DE-101)040440400</marc:subfield>
      <marc:subfield code="D">s</marc:subfield>
      <marc:subfield code="a">Ostern</marc:subfield>
   </marc:datafield>
   <marc:datafield ind1="1" ind2="1" tag="689">
      <marc:subfield code="0">(DE-588)4038241-2</marc:subfield>
      <marc:subfield code="0">http://d-nb.info/gnd/4038241-2</marc:subfield>
      <marc:subfield code="0">(DE-101)040382419</marc:subfield>
      <marc:subfield code="D">s</marc:subfield>
      <marc:subfield code="a">Meditation</marc:subfield>
   </marc:datafield>
   <marc:datafield ind1="1" ind2=" " tag="689">
      <marc:subfield code="5">DE-101</marc:subfield>
      <marc:subfield code="5">DE-101</marc:subfield>
   </marc:datafield>
   <marc:datafield ind1="2" ind2="0" tag="689">
      <marc:subfield code="0">(DE-588)4195678-3</marc:subfield>
      <marc:subfield code="0">http://d-nb.info/gnd/4195678-3</marc:subfield>
      <marc:subfield code="0">(DE-101)041956788</marc:subfield>
      <marc:subfield code="D">s</marc:subfield>
      <marc:subfield code="a">Christi Himmelfahrt</marc:subfield>
      <marc:subfield code="g">Fest</marc:subfield>
   </marc:datafield>
   <marc:datafield ind1="2" ind2="1" tag="689">
      <marc:subfield code="0">(DE-588)4038241-2</marc:subfield>
      <marc:subfield code="0">http://d-nb.info/gnd/4038241-2</marc:subfield>
      <marc:subfield code="0">(DE-101)040382419</marc:subfield>
      <marc:subfield code="D">s</marc:subfield>
      <marc:subfield code="a">Meditation</marc:subfield>
   </marc:datafield>
   <marc:datafield ind1="2" ind2=" " tag="689">
      <marc:subfield code="5">DE-101</marc:subfield>
      <marc:subfield code="5">DE-101</marc:subfield>
   </marc:datafield>
   <marc:datafield ind1="3" ind2="0" tag="689">
      <marc:subfield code="0">(DE-588)4174040-3</marc:subfield>
      <marc:subfield code="0">http://d-nb.info/gnd/4174040-3</marc:subfield>
      <marc:subfield code="0">(DE-101)041740408</marc:subfield>
      <marc:subfield code="D">s</marc:subfield>
      <marc:subfield code="a">Pfingsten</marc:subfield>
   </marc:datafield>
   <marc:datafield ind1="3" ind2="1" tag="689">
      <marc:subfield code="0">(DE-588)4038241-2</marc:subfield>
      <marc:subfield code="0">http://d-nb.info/gnd/4038241-2</marc:subfield>
      <marc:subfield code="0">(DE-101)040382419</marc:subfield>
      <marc:subfield code="D">s</marc:subfield>
      <marc:subfield code="a">Meditation</marc:subfield>
   </marc:datafield>
   <marc:datafield ind1="3" ind2=" " tag="689">
      <marc:subfield code="5">DE-101</marc:subfield>
      <marc:subfield code="5">DE-101</marc:subfield>
   </marc:datafield>
   <marc:datafield ind1="4" ind2="0" tag="689">
      <marc:subfield code="0">(DE-588)4300107-5</marc:subfield>
      <marc:subfield code="0">http://d-nb.info/gnd/4300107-5</marc:subfield>
      <marc:subfield code="0">(DE-101)043001076</marc:subfield>
      <marc:subfield code="D">s</marc:subfield>
      <marc:subfield code="a">Osterfestkreis</marc:subfield>
   </marc:datafield>
   <marc:datafield ind1="4" ind2="1" tag="689">
      <marc:subfield code="0">(DE-588)4038241-2</marc:subfield>
      <marc:subfield code="0">http://d-nb.info/gnd/4038241-2</marc:subfield>
      <marc:subfield code="0">(DE-101)040382419</marc:subfield>
      <marc:subfield code="D">s</marc:subfield>
      <marc:subfield code="a">Meditation</marc:subfield>
   </marc:datafield>
   <marc:datafield ind1="4" ind2=" " tag="689">
      <marc:subfield code="5">DE-101</marc:subfield>
      <marc:subfield code="5">DE-101</marc:subfield>
   </marc:datafield>
   <marc:datafield ind1=" " ind2=" " tag="850">
      <marc:subfield code="a">DE-101a</marc:subfield>
      <marc:subfield code="a">DE-101b</marc:subfield>
   </marc:datafield>
   <marc:datafield ind1="r" ind2=" " tag="925">
      <marc:subfield code="a">ra</marc:subfield>
   </marc:datafield>
</marc:record>
